000 00581cam a22002291 4500
001 sa 65007578
003 DLC
005 20260227112149.0
008 890627s1965 ii b 000 0 hino
010 _asa 65007578
035 _a(OCoLC)19931966
040 _aDLC
_cWaU
_dDLC
042 _apremarc
050 0 0 _aPK2098.P7
_bK3198
100 1 _aJain, V. K.
245 1 0 _aKāmāyanī-cintana.
260 _c[1965]
300 _a11, 323 p.
_c22 cm.
500 _aIn Hindi.
504 _aBibliography: p.[319]-323.
600 1 0 _aPrasad, Jai Shankar,
_d1889-1937.
_tKāmāyanī.
999 _c65221
_d65221